Countries With Least Immigrants - Statistics

General Stats
  • This quiz has been taken 68 times
  • The average score is 9 of 20
Answer Stats
% Country % Correct
0.2 North Korea
94%
0.2 Afghanistan
70%
0.4 Eritrea
59%
0.4 Somalia
59%
0.5 Cambodia
57%
0.2 Haiti
57%
0.1 China
56%
0.1 Myanmar
56%
0.0 Cuba
52%
0.3 Papua New Guinea
52%
0.1 Madagascar
48%
0.3 Vietnam
48%
0.2 Indonesia
41%
0.1 Philippines
35%
0.3 Solomon Islands
33%
0.2 Sri Lanka
33%
0.3 Morocco
28%
0.5 Guatemala
20%
0.4 Honduras
20%
0.5 Tunisia
20%
No matching quizzes found
Score Distribution
Percent of People with Each Score
Percentile by Number Answered
Your Score History
You have not taken this quiz